| 000 | 00000nam 2200000za 4500 |
| 001 | 9.817018 |
| 003 | CaOODSP |
| 005 | 20221107142359 |
| 007 | cr ||||||||||| |
| 008 | 160506s2012 xxc |o f|0| 0 fre d |
| 040 | |aCaOODSP|bfre |
| 043 | |an-cn--- |
| 086 | 1 |aPE2-16/2012F-PDF |
| 110 | 1 |aCanada.|bTribunal de la protection des fonctionnaires divulgateurs Canada. |
| 245 | 10|aGuide de procédures |h[ressource électronique]. |
| 260 | |a[Ottawa] : |bTribunal de la protection des fonctionnaires divulgateurs Canada, |c[2012]. |
| 300 | |a24 p. : |btableaux, glossaire, figs. |
| 500 | |aPubli. aussi en anglais sous le titre : Procedural guide. |
| 692 | 07|2gccst|aMéthodologie |
| 775 | 08|tProcedural guide |w(CaOODSP)9.817013 |
| 856 | 40|qPDF|s1.23 Mo|uhttps://publications.gc.ca/collections/collection_2016/tpfdc-psdptc/PE2-16-2012-fra.pdf |